Dupláztak a pozsoneperjesi focipalánták

Bibliographic Details
Main Author: (ái) (Author)
Format: Article
Language:Hungarian
PhysicalDescription:Fotografie
ISSN:1335-7050
Subjects:

MARC

LEADER 00000nab a2200000 4500
001 vtls011762811
003 SK-MaSNL
005 20260319070802.0
008 180619|20180619xo |||| || ||00 0|hun
015 |a SNBRB2018/06 
038 |a DSZK 
040 |a DSZK  |b slo  |c DSZK  |e rda 
041 |a hun 
043 |a e-xo--- 
044 |a xo  |c SK 
072 7 |a 796  |x Šport. Hry. Telesné cvičenia  |2 konspekt 
080 |a 796.332  |x (437.6)  |2 2011 
100 1 |a (ái)  |4 aut  |9 881375 
245 1 0 |a Dupláztak a pozsoneperjesi focipalánták  |c [szerző] (ái) 
300 |b Fotografie 
336 |a text  |b txt  |2 rdacontent 
337 |a bez média  |b n  |2 rdamedia 
338 |a zväzok  |b nc  |2 rdacarrier 
610 2 7 |a TJ Palas Jahodná  |2 dszk  |9 1086460 
650 0 7 |a futbal  |2 SNKPH  |9 3291 
650 0 7 |a mladší dorast  |2 dszk  |9 1034755 
651 7 |a Jahodná (Dunajská Streda, Slovensko)  |2 SNKPHgeo  |9 59109 
773 0 |t Új szó  |g Évf. 71, sz. 140 (2018.6.19), o. 20  |x 1335-7050 
958 |a SK 
958 |a RG 
999 |c 1786771  |d 1788701